书目信息 |
| 题名: |
中外历史名人传略
|
|
| 作者: | 苏寿桐 主编 | |
| 分册: | ||
| 出版信息: | 郑州 河南人民出版社 1984 |
|
| 页数: | 458页 | |
| 开本: | 20cm | |
| 丛书名: | ||
| 单 册: | ||
| 中图分类: | K812 , K811 | |
| 科图分类: | ||
| 主题词: | 历史人物--列传--世界 , 历史人物--列传--中国 , 人物--传记--世界 | |
| 电子资源: | ||
| ISBN: | ||
| 000 | 00697nam0 2200253 45 | |
| 001 | 1541291523 | |
| 005 | 20150121112838.21 | |
| 010 | @dCNY2.00 | |
| 091 | @aCN@b11105.70 | |
| 100 | @a19960215d1984 em y0chiy0121 ea | |
| 101 | 0 | @achi |
| 102 | @aCN@b410000 | |
| 105 | @ay z 000yc | |
| 200 | 10 | @a中外历史名人传略@Azhong wai li shi ming ren zhuan lue@e中国近现代部分@f苏寿桐主编 |
| 210 | @a郑州@c河南人民出版社@d1984 | |
| 215 | @a458页@d20cm | |
| 606 | @a历史人物@x列传@y世界 | |
| 606 | @a历史人物@x列传@y中国 | |
| 606 | 0 | @a人物@x传记@x世界 |
| 690 | @aK812@v3 | |
| 690 | @aK811@v4 | |
| 701 | 0 | @a苏寿桐@Asu shou tong@4主编 |
| 801 | 0 | @aCN@bTSSF@c20150121 |
| 905 | @aZUCC@dK811@eJY10 | |
| 中外历史名人传略:中国近现代部分/苏寿桐主编.-郑州:河南人民出版社,1984 |
| 458页;20cm |
| ISBN :CNY2.00 |
| ● |
| 相关链接 |
|
|
|
|
正题名:中外历史名人传略
索取号:K811/JY10
 
预约/预借
| 序号 | 登录号 | 条形码 | 馆藏地/架位号 | 状态 | 备注 |
| 1 | 7856049 | 278560497 | 学院路分馆/ [索取号:K811/JY10] | 在馆 |